• 首页
  • 本馆介绍
  • 公告通知
  • 最新文献
  • 馆藏检索
  • 电子资源
  • 读者导购
  • 参考咨询
  • 我的图书馆
  • 登录
  • 详细信息显示
  • 放入我的书架
  • 预约/预借图书
  • 作者相关作品
  • 分类相关作品
  • 丛书相关作品
  • 出版社相关作品

书目信息

  • 表格格式
  • 工作单格式
  • 卡片格式
题名:
海洋战略与不列颠帝国的兴衰
    
 
作者: 胡杰 著
分册:  
出版信息: 北京   社会科学文献出版社  2012.05
页数: 440页
开本: 23cm
丛书名: 武汉大学边界与海洋问题研究丛书
单 册:
中图分类: E815
科图分类:
主题词: 海洋战略--研究--英国 , 海洋战略
电子资源:
ISBN: 978-7-5097-3255-7
000 01215oam2 2200301 450
001 010700132476
005 20130427084023.15
010    @a978-7-5097-3255-7@dCNY69.00
100    @a20120530d2012 em y0chiy0110 ea
101 0  @achi
102    @aCN@b110000
105    @ay z 000yy
106    @ar
200 1  @a海洋战略与不列颠帝国的兴衰@9hai yang zhan lue yu bu lie dian di guo de xing shuai@dMaritime strategy and the rise and fall of the British Empire@f胡杰著@zeng
210    @a北京@c社会科学文献出版社@d2012.05
215    @a440页@d23cm
225 2  @a武汉大学边界与海洋问题研究丛书
300    @a海洋文库·研究丛刊
300    @a武汉大学边界与海洋问题研究丛书出版基金和中国海洋发展研究中心重点项目资助
330    @a本书系统梳理了英国海洋战略的发展线索,深入分析了海洋战略与英国兴衰的内在联系,并概括出英国的经验教训对当前中国建设现代海洋强国的启示。
461  0 @12001 @a武汉大学边界与海洋问题研究丛书@1035 @a(A100000NLC)005596452
510 1  @aMaritime strategy and the rise and fall of the British Empire@zeng
606 0  @a海洋战略@x研究@y英国
606 0  @a海洋战略
690    @aE815@v5
701  0 @a胡杰@9hu jie@f(1984~)@4著
801  0 @aCN@bNLC@c20120806
905    @b542256-60@dE815@e34@f5
    
    海洋战略与不列颠帝国的兴衰=Maritime strategy and the rise and fall of the British Empire/胡杰著.-北京:社会科学文献出版社,2012.05
    440页;23cm.-(武汉大学边界与海洋问题研究丛书)
    海洋文库·研究丛刊.-武汉大学边界与海洋问题研究丛书出版基金和中国海洋发展研究中心重点项目资助
    
    ISBN 978-7-5097-3255-7:CNY69.00
    本书系统梳理了英国海洋战略的发展线索,深入分析了海洋战略与英国兴衰的内在联系,并概括出英国的经验教训对当前中国建设现代海洋强国的启示。
●
相关链接 在E读中查询图书 在五车中查询图书 在当当中查询图书 在豆瓣中查询图书


正题名:海洋战略与不列颠帝国的兴衰     索取号:E815/34         预约/预借

序号 登录号 条形码 馆藏地/架位号 状态 备注
1 542256   205422568   第一样本阅览室/ [索取号:E815/34] 在馆    
2 542257   205422577   第一借阅区/ [索取号:E815/34] 在馆    
3 542258   205422586   第一借阅区/ [索取号:E815/34] 在馆    
4 542259   205422595   第一借阅区/ [索取号:E815/34] 在馆    
5 542260   205422602   第一借阅区/ [索取号:E815/34] 在馆    
唐山师范学院图书馆 欢迎您!
大连网信软件有限公司© 版权所有